LIBRARY & INFORMATION CENTRE, KCAET, TAVANUR

ONLINE PUBLIC ACCESS CATALOGUE (OPAC)

Kaleidoscopic view of fluid flow phenomena / (Record no. 1493)

MARC details
000 -LEADER
fixed length control field 00469cam a2200169ua 4500
020 ## - INTERNATIONAL STANDARD BOOK NUMBER
ISBN 81-224-0186-4
041 ## - LANGUAGE CODE
Language code of text/sound track or separate title eng
082 ## - DEWEY DECIMAL CLASSIFICATION NUMBER
Classification number 532.051
Item number LAK/KA
100 ## - MAIN ENTRY--AUTHOR NAME
Personal name Lakshmana Gowda, B H .
245 ## - TITLE STATEMENT
Title Kaleidoscopic view of fluid flow phenomena /
260 ## - PUBLICATION, DISTRIBUTION, ETC. (IMPRINT)
Place of publication New Delhi :
Name of publisher Wiley Eastern Ltd ,
Year of publication 1992.
300 ## - PHYSICAL DESCRIPTION
Number of Pages 87.
942 ## - ADDED ENTRY ELEMENTS (KOHA)
Koha item type Books
Holdings
Withdrawn status Lost status Damaged status Home library Current library Date acquired Full call number Accession Number Koha item type
Withdrawn     KAUAET KAUAET 07/04/2012 532.051 17976 Books
free website counter